| 000 | 00836nam a2200229 i 4500 | ||
|---|---|---|---|
| 001 | bg | ||
| 100 | 1 | _aSORBJAN, Zbigniew | |
| 245 | 1 | 0 |
_aMeteorologia dla każdego : _bopowieści, teorie i proste doświadczenia / _cZbigniew Sorbjan ; przeł. Igor Zaleski. |
| 246 |
_iTyt. oryg.: _aHands-on meteorology : stories, theories, and simple experiments |
||
| 260 |
_aWarszawa : _bPrószyński i S-ka, _c2001. |
||
| 300 |
_a215 s. : _bil., mapy ; _c24 cm. |
||
| 500 | _aTyt. oryg.: "Hands-on meteorology : stories, theories, and simple experiments" 1996. | ||
| 650 | 9 | _aMeteorologia | |
| 020 | _a8372550387 | ||
| 040 | _cBPK | ||
| 041 | 1 |
_apl _hen |
|
| 080 | _a551.5 | ||
| 920 | _a83-7255-038-7 | ||
| 942 | _cKS | ||
| 008 | s pl f |000 0 pol | ||
| 999 |
_c40410 _d40410 |
||
| 856 |
_uhttp://koha.tu.koszalin.pl/cgi-bin/koha/opac-detail.pl?biblionumber=40410 _yKatalog online BPK |
||